Southville International School and Colleges
Your cart is empty.
  • Cart
  • Lists
    Public lists Eva Luna New books Lux_list list_1
    Your lists Log in to create your own lists
  • Log in to your account
  • Your cookies
  • Search history
Southville International School and Colleges
  • Advanced search
  • Recent comments
  • Most popular
  • Libraries

Log in to your account

Log in with GOOGLE


If you do not have an external account, but do have a local account, you can still log in:

  1. Home
  2. MARC view: The level of satisfaction of gcash payment platform as perceived by micro and small enterprises business owners in parañaque city.
Normal view MARC view ISBD view

The level of satisfaction of gcash payment platform as perceived by micro and small enterprises business owners in parañaque city. (Record no. 367102)

[ view plain ]
MARC details
000 -LEADER
fixed length control field 01144nam a22002297a 4500
003 - CONTROL NUMBER IDENTIFIER
control field 0
005 - DATE AND TIME OF LATEST TRANSACTION
control field 20250203143311.0
008 - FIXED-LENGTH DATA ELEMENTS--GENERAL INFORMATION
fixed length control field 250203b xxu||||| |||| 00| 0 eng d
050 ## - LIBRARY OF CONGRESS CALL NUMBER
Classification number HG 1616.P63
Item number .In23 2023
100 ## - MAIN ENTRY--PERSONAL NAME
Personal name Inacay, Justine Luis E.
245 ## - TITLE STATEMENT
Title The level of satisfaction of gcash payment platform as perceived by micro and small enterprises business owners in parañaque city.
Statement of responsibility, etc Justine Luis E. Inacay
260 ## - PUBLICATION, DISTRIBUTION, ETC. (IMPRINT)
Place of publication, distribution, etc Las Pinas City
Name of publisher, distributor, etc Southville International School and Colleges
Date of publication, distribution, etc 2023
300 ## - PHYSICAL DESCRIPTION
Extent vii, 171 pages:
Other physical details colored illustrations;
Dimensions 28cm
500 ## - GENERAL NOTE
General note Bachelor of Science in Business Administration Major in Marketing Management.
504 ## - BIBLIOGRAPHY, ETC. NOTE
Bibliography, etc Includes bibliographical references and appendices.
650 ## - SUBJECT ADDED ENTRY--TOPICAL TERM
Topical term or geographic name as entry element Mobile payment systems – Philippines – GCash
650 ## - SUBJECT ADDED ENTRY--TOPICAL TERM
Topical term or geographic name as entry element Financial technology (FinTech) – Digital transactions – E-wallets
650 ## - SUBJECT ADDED ENTRY--TOPICAL TERM
Topical term or geographic name as entry element Business satisfaction – Micro and small enterprises – Digital payments
650 ## - SUBJECT ADDED ENTRY--TOPICAL TERM
Topical term or geographic name as entry element Electronic commerce – Cashless transactions – Consumer perception
650 ## - SUBJECT ADDED ENTRY--TOPICAL TERM
Topical term or geographic name as entry element Entrepreneurship – Technology adoption – Financial services
942 ## - ADDED ENTRY ELEMENTS (KOHA)
Source of classification or shelving scheme Library of Congress Classification
Koha item type Theses
Holdings
Withdrawn status Lost status Source of classification or shelving scheme Damaged status Home library Current library Shelving location Date acquired Source of acquisition Total Checkouts Full call number Barcode Date last seen Price effective from Koha item type
    Library of Congress Classification   College Library College Library Theses Section 02/03/2025 Donation   HG 1616.P63 .In23 2023 T1310 02/03/2025 02/03/2025 Theses

The level of satisfaction of gcash payment platform as perceived by micro and small enterprises business owners in parañaque city.

APA

Inacay J. L. E., . (2023). The level of satisfaction of gcash payment platform as perceived by micro and small enterprises business owners in parañaque city. Las Pinas City: Southville International School and Colleges.

Chicago

Inacay Justine Luis E, . 2023. The level of satisfaction of gcash payment platform as perceived by micro and small enterprises business owners in parañaque city. Las Pinas City: Southville International School and Colleges.

Harvard

Inacay J. L. E., . (2023). The level of satisfaction of gcash payment platform as perceived by micro and small enterprises business owners in parañaque city. Las Pinas City: Southville International School and Colleges.

MLA

Inacay Justine Luis E, . The level of satisfaction of gcash payment platform as perceived by micro and small enterprises business owners in parañaque city. Las Pinas City: Southville International School and Colleges. 2023.

  • Print
  • Cite
  • Add to your cart (remove)
  • Save record
    BIBTEX Dublin Core MARCXML MARC (non-Unicode/MARC-8) MARC (Unicode/UTF-8) MARC (Unicode/UTF-8, Standard) MODS (XML) RIS
  • More searches
    Search for this title in:
    Other Libraries (WorldCat) Other Databases (Google Scholar) Online Stores (Bookfinder.com) Open Library (openlibrary.org)

Exporting to Dublin Core...

SOUTHVILLE LIBRARY

Southville International School and Colleges Library

1281 Tropical Ave. Cor. Luxembourg St., BF Homes International, Las Pinas City

Tel. No. 8256374 / 252358 Loc. 117/146

Powered by Koha